Una guerra sin igual: la constitución en los tiempos del terrorismo
Na minha lista:
| Autor principal: | |
|---|---|
| Formato: | Desconhecido |
| Idioma: | inglês espanhol |
| Publicado em: |
Madrid
Marcial Pons
2017
|
| Edição: | Primera edición |
| Colecção: | Colección Teoría Constitucional y Derecho
|
| Assuntos: | |
| Tags: |
Adicionar Tag
Sem tags, seja o primeiro a adicionar uma tag!
|
MARC
| LEADER | 00000 a2200000 4500 | ||
|---|---|---|---|
| 003 | CL-VaPUC | ||
| 005 | 20230303074141.0 | ||
| 008 | 200102b ||||| |||| 00| 0 eng d | ||
| 020 | |a 9788491231868 | ||
| 040 | |c Pontificia Universidad Católica de Valparaíso | ||
| 041 | 0 | |a spa | |
| 082 | |a 342.73 FIS 2017 | ||
| 100 | 1 | |a Fiss, Owen |9 604952 | |
| 245 | 1 | 4 | |a Una guerra sin igual: |b la constitución en los tiempos del terrorismo |
| 250 | |a Primera edición | ||
| 260 | 3 | |b Marcial Pons |c 2017 |a Madrid | |
| 300 | |a 277 p | ||
| 490 | 0 | |a Colección Teoría Constitucional y Derecho | |
| 505 | 0 | |a Capítulo 1. A la sombra de la guerra. Capítulo 2. La guerra contra el terrorismo y el Estado de Derecho. Capítulo 3. Los peligros del minimalismo. Capítulo 4. Basta de aberraciones. Capítulo 5. El Derecho está en todas partes. Capítulo 6. Encarcelamiento sin juicio. Capítulo 7. Tortura y entrega extrajudicial. Capítulo 8. Criminalización del discurso político. Capítulo 9. Escuchas sin autorización judicial. Capítulo 10. El asesinato selectivo de supuestos terroristas. | |
| 583 | |k Hugo Gaete |c 20200102 | ||
| 650 | 0 | 0 | |a Derecho constitucional |9 222588 |
| 650 | 0 | 0 | |a Terrorismo |9 255070 |
| 942 | |2 ddc |c BK | ||
| 999 | |c 376025 |d 376023 | ||
| 952 | |0 0 |1 0 |2 ddc |4 0 |6 342_730000000000000_FIS_2017 |7 0 |9 495179 |a BIBDER |b BIBDER |d 2019-12-26 |e 36 |g 19377.00 |i 5571073 |o 342.73 FIS 2017 |p 5571073 |r 2023-01-25 |t 1 |v 19377.00 |w 2019-12-26 |y BK |k DER | ||